000
00333nam a22001457a 4500
020
_a
81-89999-04-4
082
_a
823
_b
PAI/T
100
_a
PAI, ANANT
245
_a
TALES OF NARADA
260
_a
MUMBAI
_b
AMAR CHITHA KATHA
300
_a
30
520
_a
ENGLISH SHORT STORIES
650
_a
ENGLISH SHORT STORIES
_z
MUMBAI
942
_c
BK
999
_c
5226
_d
5226